000 00469nam a2200157Ia 4500
005 20250923144436.0
008 008 250917s9999 xx 000 0 eng d
037 _aTextual
040 _aDSWL
_beng
_cDSWL
041 _aeng
_2eng
084 _axx, xx
_qDSWL
245 0 _aWorld conference on adult education combridge 1923
_cby W.A.A.E.
260 _aLondon
_bWorld Association Adult Education
_c1930
942 _cTEXL
_hxx, xx
999 _c1438938
_d1438938